Normal view
MARC view
Entry Personal Name
001 - CONTROL NUMBER
- control field: 5125
003 - CONTROL NUMBER IDENTIFIER
- control field: OSt
005 - DATE AND TIME OF LATEST TRANSACTION
- control field: 20251024081502.0
008 - FIXED-LENGTH DATA ELEMENTS
- fixed length control field: 251024|| aca||aabn | a|a d
040 ## - CATALOGING SOURCE
- Original cataloging agency: OSt
- Transcribing agency: OSt
100 ## - HEADING--PERSONAL NAME
- Personal name: McMahon, Mary,
- Dates associated with a name: 1955-
670 ## - SOURCE DATA FOUND
- Source citation: Work cat.: (OSt)0: Patton, Wendy, 1957- aut 5122, Kariérový rozvoj a systémová teorie :